802.11 Wireless LAN Fundamentals (Record no. 23110)
[ view plain ]
| 000 -LEADER | |
|---|---|
| fixed length control field | 00248nam a22001217a 4500 |
| 003 - CONTROL NUMBER IDENTIFIER | |
| control field | NUST |
| 005 - DATE AND TIME OF LATEST TRANSACTION | |
| control field | 20171011131028.0 |
| 008 - FIXED-LENGTH DATA ELEMENTS--GENERAL INFORMATION | |
| fixed length control field | 171011b xxu||||| |||| 00| 0 eng d |
| 020 ## - INTERNATIONAL STANDARD BOOK NUMBER | |
| International Standard Book Number | 8129704412 |
| Terms of availability | Available |
| 040 ## - CATALOGING SOURCE | |
| Original cataloging agency | DLC |
| Language of cataloging | DLC |
| Transcribing agency | RCMS |
| 082 ## - DEWEY DECIMAL CLASSIFICATION NUMBER | |
| Classification number | 621.382 |
| 100 ## - MAIN ENTRY--PERSONAL NAME | |
| Personal name | Pejman Roshan |
| 9 (RLIN) | 5346 |
| 245 ## - TITLE STATEMENT | |
| Title | 802.11 Wireless LAN Fundamentals |
| Remainder of title | A Practical guide to understanding ,designing and operating 802.11 WLANs |
| Statement of responsibility, etc. | Pejman Roshan |
| 260 ## - PUBLICATION, DISTRIBUTION, ETC. | |
| Name of publisher, distributor, etc. | PEARSON |
| Date of publication, distribution, etc. | C,2004 |
| Place of publication, distribution, etc. | India |
| 300 ## - PHYSICAL DESCRIPTION | |
| Extent | xviii,281,p: |
| Other physical details | Pb: |
| Dimensions | 22,cm. |
| 538 ## - SYSTEM DETAILS NOTE | |
| Display text | Shelf No 2 Row No 1 |
| 600 ## - SUBJECT ADDED ENTRY--PERSONAL NAME | |
| General subdivision | Networking |
| 9 (RLIN) | 5347 |
| 856 ## - ELECTRONIC LOCATION AND ACCESS | |
| Materials specified | Table of Content Only |
| 942 ## - ADDED ENTRY ELEMENTS (KOHA) | |
| Koha item type | Book |
| Source of classification or shelving scheme | |
| Withdrawn status | Lost status | Damaged status | Not for loan | Permanent Location | Current Location | Shelving location | Date acquired | Source of acquisition | Cost, normal purchase price | Total Checkouts | Full call number | Barcode | Date last seen | Date last checked out | Price effective from | Koha item type |
|---|---|---|---|---|---|---|---|---|---|---|---|---|---|---|---|---|
| NUST Baluchistan Campus (NBC) | NUST Baluchistan Campus (NBC) | General Stacks | 03/01/2013 | Purchase | 319.00 | 1 | 621.382ROS | RCMS000024 | 05/02/2016 | 12/08/2014 | 01/05/2017 | Book |
